Ten Most Common Words in European Languages - Statistics

General Stats
  • This quiz has been taken 2,664 times
    2,623 since last reset
  • The average score is 27 of 60
Answer Stats
Language Word % Correct
English 6 A
95%
Spanish 5 A
95%
French 10 À
95%
Portuguese 5 A
95%
English 10 I
94%
Italian 2 E
91%
Italian 6 È
91%
Portuguese 6 É
91%
Portuguese 8 E
91%
Portuguese 2 O
90%
Spanish 4 Y
86%
English 1 The
80%
Spanish 1 El, La
67%
French 1 Le, La, L', Les
67%
Spanish 10 No
61%
Spanish 2 De
59%
French 4 De
59%
Portuguese 4 De
59%
English 5 And
57%
French 5 Un, Une, Des
57%
Spanish 7 Un
55%
Italian 7 Un
55%
German 2 Da
54%
English 2 Be
51%
Italian 4 Di
49%
German 9 Es
49%
English 3 To
48%
English 7 In
46%
Italian 10 In
46%
Spanish 9 Se
41%
German 3 Das
39%
German 4 Die
37%
German 5 Der
36%
French 6 Je
34%
German 6 Du
33%
English 4 Of
33%
French 7 Il, Ils
32%
German 7 Ein
31%
English 9 Have
30%
English 8 That
26%
Spanish 3 Que
25%
Italian 9 Que
25%
Portuguese 1 Que
25%
Italian 1 Non
24%
Spanish 6 En
23%
German 8 Er
21%
French 2 Être
18%
Spanish 8 Ser
16%
French 3 Avoir
15%
French 8 Ce
15%
German 1 Sein
15%
German 10 Haben
12%
French 9 Pas
10%
Portuguese 9 Eu
9%
Portuguese 10 Um
9%
Italian 3 Che
7%
Portuguese 3 Não
5%
Portuguese 7 Você
3%
Italian 5 Il, La
1%
Italian 8 A, Per
0%
No matching quizzes found
Score Distribution
Percent of People with Each Score
Percentile by Number Answered
Your Score History
You have not taken this quiz since the last reset